Movies of 1985 Quiz Stats

Quiz Updated Jan 1, 2015

Also try: Movies of 1995
Challenge
Share
Tweet
Score 0/16 Timer 06:00
11 Plays Today
Picture Movie % Correct
Back to the Future
97.5%
The Goonies
86.8%
The Breakfast Club
86.1%
Teen Wolf
82%
Rambo: First Blood Part II
71.9%
Pee-wee's Big Adventure
71.1%
Mask
64.5%
Weird Science
58.4%
Picture Movie % Correct
The Color Purple
57.5%
Commando
45.6%
Clue
43.9%
Out of Africa
37.8%
Cocoon
37.7%
Legend
26%
Prizzi's Honor
24.2%
Brazil
16.2%

You're not logged in!

Compare scores with friends on all Sporcle quizzes.
Join for Free
OR
Log In

You Might Also Like...

Show Comments

Extras

Top Quizzes Today


Score Distribution

Your Account Isn't Verified!

In order to create a playlist on Sporcle, you need to verify the email address you used during registration. Go to your Sporcle Settings to finish the process.

Report this User

Report this user for behavior that violates our Community Guidelines.

Details: